Normal view
MARC view
Entry Topical Term
001 - CONTROL NUMBER
- control field: 46971
003 - CONTROL NUMBER IDENTIFIER
- control field:
005 - DATE AND TIME OF LATEST TRANSACTION
- control field: 20240425151158.0
008 - FIXED-LENGTH DATA ELEMENTS
- fixed length control field: 240425|| aca||aabn | a|a d
040 ## - CATALOGING SOURCE
- Original cataloging agency:
- Transcribing agency:
150 ## - HEADING--TOPICAL TERM
- Topical term or geographic name entry element: Scandinavian literature
- Form subdivision: Translation into English
670 ## - SOURCE DATA FOUND
- Source citation: Work cat.: ()25365: LEACH, Henry Goddard 1880 aut 46969, A pageant of old Scandinavian /, 1946
